00302nam a22000857a 4500008004100000082002100041245010400062260004200166300000800208230627b xxu||||| |||| 00| 0 eng d a338.19bNAO 1995 aThe Intervention Board for Agricultural Produce: Preventing, Detecting and Acting on Irregularities bComptroller and Auditor Generalc1995 a50p